Reese Witherspoon - Roles by Picture - Statistics

General Stats
  • This quiz has been taken 11 times
  • The average score is 7 of 46
Answer Stats
Picture Answer % Correct
Elle Woods
56%
Jill Green
44%
June Carter
33%
Melanie Smoother
33%
Rosita
33%
Susan Murphy / Ginormica
33%
Tracy Flick
33%
Dr. Elizabeth Masterson
22%
Greta Wolfcastle
22%
Jennifer / Mary Sue Parker
22%
Lisa Jorgenson
22%
Alice Kinney
11%
Annette Hargrove
11%
Annie
11%
Becky Sharp
11%
Bradley Jackson
11%
Carrie Davis
11%
Cassie Robbins
11%
Cecily Cardew
11%
Cheryl Strayed
11%
Dani Trant
11%
Debbie
11%
Dep. DA Penny Kimball
11%
Elena Richardson
11%
Ellie Perkins
11%
Evelyn Williams
11%
Ferris Dunnigan
11%
Holly
11%
Isabella Fields El-Ibrahimi
11%
Ivy Miller
11%
Juniper
11%
Karen Morris
11%
Kate Kinkaid
11%
Lauren Scott
11%
Lissa / Kathy
11%
Madeline Martha Mackenzie
11%
Marlena Rosenbluth
11%
Mel Ames
11%
Mrs. Whatsit
11%
Nicole Walker
11%
Nonnie Parker
11%
Ofc. Rose Cooper
11%
Pam Hobbs
11%
Serena
11%
Vanessa Lutz
11%
Wendy Pfister
11%
No matching quizzes found
Score Distribution
Percent of People with Each Score
Percentile by Number Answered
Your Score History
You have not taken this quiz